Get the Picture: Missing Cat or Hat? Quiz Stats

 Plays Quiz Updated Mar 16, 2019

Score 0/20 Timer 02:00
2 Plays Today
Question Answer Wrong Answers
MAN___TAN HAT
93.1%
CAT
1.8%
EDU___ION CAT
92.9%
HAT
1.8%
SYNDI___E CAT
92.4%
HAT
2.5%
IMPLI___E CAT
92.4%
HAT
2.5%
SUFFO___E CAT
92.3%
HAT
2.5%
___HEDRAL CAT
91.6%
HAT
3.1%
DISLO___E CAT
91.4%
HAT
3.4%
PHOSP___E HAT
90.9%
CAT
3.9%
DE___HLON CAT
90.4%
HAT
4.4%
T___CHING HAT
90.2%
CAT
4.9%
C___ROOMS HAT
88.9%
CAT
6.1%
LYMP___IC HAT
88.8%
CAT
5.7%
DEFE___ED CAT
87.7%
HAT
7.1%
___EFULLY HAT
87.6%
CAT
7.2%
CALIP___E HAT
86.2%
CAT
8.9%
___CHBACK HAT
85.9%
CAT
9.5%
OBFUS___E CAT
85%
HAT
9.7%
CHITC___S HAT
84.9%
CAT
10%
PRE___ORY CAT
77.1%
HAT
17.1%
AR___SHIP HAT
28.5%
CAT
65.9%

Today's Daily Dose

Missing Word
Sherlocks

Word Ladder
King of the Hill

Quick Pick
Songs in Pink

Get the Picture
NBA Teammates

You're not logged in!

Compare scores with friends on all Sporcle quizzes.
OR
Log In

Sporcle TV

Today on Sporcle TV


Watch our educational content, quiz creation guides, and fun videos on Sporcle TV.

Show Comments

Extras

Top Quizzes Today


Score Distribution

Your Account Isn't Verified!

In order to create a playlist on Sporcle, you need to verify the email address you used during registration. Go to your Sporcle Settings to finish the process.

Report this User

Report this user for behavior that violates our Community Guidelines.

Details: